| 000 | 00508nam a22001697a 4500 | ||
|---|---|---|---|
| 003 | OSt | ||
| 005 | 20250919020610.0 | ||
| 008 | 250919b |||||||| |||| 00| 0 eng d | ||
| 020 | _a0-375-70677-1 | ||
| 040 |
_aDWCL-Main Lib _cOC |
||
| 082 | _aCirc. 813.54 B676 1997 | ||
| 100 | _aBohjalian, C. | ||
| 245 |
_aMidwives : _ba novel |
||
| 260 |
_aNew York : _bVintage Books, _cc1997 |
||
| 300 |
_a374 p. : _c 20 cm. |
||
| 942 |
_2ddc _cBK-CIRC _hCirc. 813.54 B676 1997 _kCirc. _n0 |
||
| 999 |
_c4482 _d4482 |
||